Particulate Matter, Air Quality and Climate, Lessons Learned and Future Needs

El material particulado constituye uno de los problemas ms̀ desafiantes tanto para la calidad del aire como para polt̕icas de cambio climt̀ico. En este documento se examinan resultados recientes dentro de las ciencias de aerosoles atmosfřicos y las necesidades polt̕icas, las cuales han impulsado bu...

Ausführliche Beschreibung

Gespeichert in:
Bibliographische Detailangaben
Weitere Verfasser: Fuzzi S., Baltensperger U., Carslaw K., Decesari S., Denier van der Gon H., Facchini M.C, Fowler D., Koren I., Langford B., Lohmann U., Nemitz E., Pandis S., Riipinen I, Rudich Y., Schaap M., Slowik J.G, Spracklen D.V, Vignati E., Wild M., Williams M., Gilardoni S., European Geosciences Union (EGU); Copernicus Publications
Format: Buch
Sprache:Englisch
Schlagworte:
Online-Zugang:Particulate Matter, Air Quality and Climate, Lessons Learned and Future Needs
Tags: Tag hinzufügen
Keine Tags, Fügen Sie den ersten Tag hinzu!

MARC

LEADER 00000nam a22000004a 4500
001 vpro14657
005 20201223000000.0
008 190505s2019 ck # g## #001 0#eng#d
020 |a 1680-7316 (versin̤ impresa); 1680-7324 (versin̤ electrn̤ica) 
022
040 |a CO-BoINGC 
041 0 |a eng 
245 1 0 |a Particulate Matter, Air Quality and Climate, Lessons Learned and Future Needs 
246 |a Material particulado, calidad del aire y clima: lecciones aprendidas y necesidades futuras 
264 |a Bogot ̀(Colombia) :  |b Revista VirtualPRO,  |c 2019 
520 3 |a El material particulado constituye uno de los problemas ms̀ desafiantes tanto para la calidad del aire como para polt̕icas de cambio climt̀ico. En este documento se examinan resultados recientes dentro de las ciencias de aerosoles atmosfřicos y las necesidades polt̕icas, las cuales han impulsado buena parte del aumento de la investigacin̤ de seguimiento y mecanicista de las l͠timas dos dčadas. 
650 \ \ |a Contaminacin̤ 
650 \ \ |a Proteccin̤ del medio ambiente 
650 \ \ |a Environmental pollution 
650 \ \ |a Environmental protection 
650 \ \ |a Gestin̤ ambiental 
650 \ \ |a Contaminacin̤ ambiental 
650 \ \ |a Calidad del aire 
650 \ \ |a Material particulado 
650 \ \ |a Aerosoles 
650 \ \ |a Clima 
650 \ \ |a Environmental management 
650 \ \ |a Environmental pollution 
650 \ \ |a Air quality 
650 \ \ |a Particulate matter 
650 \ \ |a Aerosols 
650 \ \ |a Climate  
700 \ \ |a Fuzzi S. 
700 \ \ |a Baltensperger U. 
700 \ \ |a Carslaw K. 
700 \ \ |a Decesari S. 
700 \ \ |a Denier van der Gon H. 
700 \ \ |a Facchini M.C. 
700 \ \ |a Fowler D. 
700 \ \ |a Koren I. 
700 \ \ |a Langford B. 
700 \ \ |a Lohmann U. 
700 \ \ |a Nemitz E. 
700 \ \ |a Pandis S. 
700 \ \ |a Riipinen I 
700 \ \ |a Rudich Y. 
700 \ \ |a Schaap M. 
700 \ \ |a Slowik J.G. 
700 \ \ |a Spracklen D.V. 
700 \ \ |a Vignati E. 
700 \ \ |a Wild M. 
700 \ \ |a Williams M. 
700 \ \ |a Gilardoni S.  
700 \ \ |a European Geosciences Union (EGU); Copernicus Publications 
856 |z Particulate Matter, Air Quality and Climate, Lessons Learned and Future Needs  |u https://virtualpro.unach.elogim.com/biblioteca/material-particulado-calidad-del-aire-y-clima-lecciones-aprendidas-y-necesidades-futuras